MARC

Tag First Indicator Second Indicator Subfields
LEADER 00000cam a22000004a 4500
001 in00003422421
005 20190405203822.0
006 m o d
007 cr |||||||nn|n
008 080104s2007 si o d eng d
010 |z  2007449367 
020 |a 9789812307378 
020 |z 9789812307361 (hard) 
035 |a (MdBmJHUP)muse9789812307378 
040 |a MdBmJHUP  |c MdBmJHUP  |d UtOrBLW 
043 |a as-----  |a e-ur---  |a a-cc--- 
050 0 0 |a DS525.9.R87  |b I44 2006 
245 0 0 |a Russia-ASEAN relations :  |b new directions /  |c edited by Gennady Chufrin and Mark Hong. 
264 1 |a Singapore :  |b Institute of Southeast Asian Studies ;  |a [Moscow], Russian Federation :  |b Institute of World Economy & International Relations,  |c 2007. 
300 |a 1 online resource (xx, 142 pages ) 
336 |a text  |b txt  |2 rdacontent 
337 |a computer  |b c  |2 rdamedia 
338 |a online resource  |b cr  |2 rdacarrier 
504 |a Includes bibliographical references and index. 
588 |a Description based on print version record. 
500 |a Electronic resource. 
651 0 |a China  |x Foreign relations  |y 1976-  |v Congresses. 
651 0 |a Russia (Federation)  |x Foreign economic relations  |z Southeast Asia  |v Congresses. 
651 0 |a Southeast Asia  |x Foreign economic relations  |z Russia (Federation)  |v Congresses. 
651 0 |a Russia (Federation)  |x Foreign relations  |z Southeast Asia  |v Congresses. 
651 0 |a Southeast Asia  |x Foreign relations  |z Russia (Federation)  |v Congresses. 
650 0 |a Energy policy  |z East Asia  |v Congresses. 
650 0 |a National security  |z East Asia  |v Congresses. 
610 2 0 |a ASEAN  |v Congresses. 
655 7 |a Electronic books.  |2 local 
700 1 |a Hong, Mark. 
700 1 |a Chufrin, Gennadiĭ Illarionovich. 
856 4 0 |u http://proxy.library.tamu.edu/login?url=http://muse.jhu.edu/books/9789812307378/  |z Connect to the full text of this electronic book  |t 0 
999 |a MARS 
999 f f |s 1eb00f79-acf1-337b-8fb7-3d8b4be274ef  |i 86fea797-d385-316a-8f0a-379d469b9ac9  |t 0 
952 f f |a Texas A&M University  |b College Station  |c Electronic Resources  |d Available Online  |t 0  |e DS525.9.R87 I44 2006  |h Library of Congress classification 
998 f f |a DS525.9.R87 I44 2006  |t 0  |l Available Online